| 000 | 00495nam a2200145Ia 4500 | ||
|---|---|---|---|
| 008 | 221007s9999 xx 000 0 und d | ||
| 041 | _aeng | ||
| 082 | _bHAZ | ||
| 100 |
_aHazarika Nillanjana - 2K91048 _9101901 |
||
| 245 | 2 | _aA Study of Employee Satisfaction as a Measurement of Efficiency of Core Administrative Functions(Incentives - Loans/Allowances/Benefits) of Oil India Limited | |
| 260 |
_c2011 _bPune University _aPune |
||
| 300 | _a107p | ||
| 520 | _aBhave Manasi | ||
| 906 | _bGeneral | ||
| 999 |
_c69056 _d69056 |
||